Library of Congress subject headings
Guardat en:
| Format: | Llibre |
|---|---|
| Idioma: | Undetermined |
| Publicat: |
Wash., D.C
Libr. of Congress, Cataloging Distribution Service
2006
|
| Matèries: | |
| Etiquetes: |
Afegir etiqueta
Sense etiquetes, Sigues el primer a etiquetar aquest registre!
|
| Thư viện lưu trữ: | Trung tâm Học liệu Trường Đại học Cần Thơ |
|---|
| LEADER | 00583nam a2200169Ia 4500 | ||
|---|---|---|---|
| 001 | CTU_173327 | ||
| 008 | 210402s9999 xx 000 0 und d | ||
| 082 | |a 025.49 | ||
| 082 | |b L697/Vol.1 | ||
| 245 | 0 | |a Library of Congress subject headings | |
| 245 | 0 | |c prep. by the Cataloging Policy and Support Office, Library Services | |
| 260 | |a Wash., D.C | ||
| 260 | |b Libr. of Congress, Cataloging Distribution Service | ||
| 260 | |c 2006 | ||
| 650 | |a Subject headings,Tiêu đề chủ đề | ||
| 904 | |i Vu Thi Ut, Trúc | ||
| 980 | |a Trung tâm Học liệu Trường Đại học Cần Thơ | ||